Analýza marketingovej komunikácie bioproduktov

Guardado en:
Detalles Bibliográficos
Autor principal: Kudlová, Zuzana, 1986-
Formato: Capítulo de libro
Lenguaje:eslovaco
Etiquetas: Agregar Etiqueta
Sin Etiquetas, Sea el primero en etiquetar este registro!

MARC

LEADER 00000nla a2200000 4500
001 0240151
005 20240502073910.0
041 0 |a slo 
044 |a SK 
245 1 0 |a Analýza marketingovej komunikácie bioproduktov 
500 |a Abstrakt 
100 1 |a Kudlová, Zuzana, 1986-